00984pam a2200265 a 4500001000800000005001700008008004100025010001700066020001700083040001800100050002000118082001900138100002500157245014200182260003700324300003500361490005000396500002000446650003300466650002900499650003200528942001200560999001700572952012900589329495019831103000000.0830222s1984 nyua 001 0 eng  a 83000866  a0070615519 : aDLCcDLCdDLC00aT352b.S74 198400a604.2219bSTI1 aStitt, Fred A.9746510aSystems graphics :bBreakthroughs in drawing production and project management for architects, designers, and engineers /cFred A. Stitt. aNew York :bMcGraw-Hill,cc1984. aviii, 261 p. :bill. ;c29 cm. 4aThe McGraw-Hill designing with systems series aIncludes index. 0aDrawing-room practice.97466 0aCopying processes.97467 0aEngineering graphics.97468 2ddccBB c12174d12174 00102ddc40708AlahramaMAINbMAINc1STd2009-07-02epurchaseg71.30h72l0o604.2 STIp000017268r2025-07-15 00:00:00yBB